000
00367nam a2200133Ia 4500
008
191206s9999 xx 000 0 und d
020
_a
9.7814E+12
090
_a
DF225.5.C37
245
0
_a
Thermopylae: the battle that changed the world
260
_a
Vintage Books
260
_c
cc2006
300
_a
"xxxvii, 313 p. : ill., maps ; 21 cm."
999
_c
17174
_d
17174